| 000 | 00475nam a2200169Ia 4500 | ||
|---|---|---|---|
| 008 | 240729s9999 xx 000 0 und d | ||
| 022 | _a2772-6835 | ||
| 245 | 0 | _aEnergy Storage and Saving | |
| 260 | _aChina | ||
| 260 | _bKeAi Communications Co., Ltd. | ||
| 650 | _a Energy conservation | ||
| 650 | _a Mechanical engineering and machinery | ||
| 650 | _aTechnology | ||
| 856 | _uhttps://doaj.org/toc/4c1b414131804f59a8a559ba53d30e2c | ||
| 942 | _2ddc | ||
| 942 | _cDOAJEJ | ||
| 999 |
_c67791 _d67791 |
||
| 945 |
_a1 _bMadushi Gamage _c1 _dMadushi Gamage |
||